000
00324nam a2200145Ia 4500
008
100122s9999 xx 000 0 und d
082
_b
55090
_a
823
100
_a
SEGAL ERICH
245
_a
ONLY LOVE
260
_b
BERKLEY BOOKS LTD
_c
1997
300
_a
335
630
_a
ONLY LOVE
730
_a
ONLY LOVE
942
_c
BOOK
999
_c
376450
_d
376447